[Event "3rd Mayor's Cup"]
[Site "Mumbai IND"]
[Date "2010.06.05"]
[Round "5"]
[White "Laxman,R"]
[Black "Negi,P"]
[Result "1-0"]
[WhiteElo "2476"]
[BlackElo "2636"]

1.Nf3 d5 2.d4 Nf6 3.c4 e6 4.g3 Bb4+ 5.Nc3 dxc4 6.Bg2 O-O 7.O-O a6 8.Ne5 Nd5
9.Bd2 Bxc3 10.bxc3 b5 11.e4 Nb6 12.f4 Bb7 13.f5 exf5 14.Rxf5 f6 15.Ng4 Qe7
16.Rf4 Nc6 17.Qf1 Rad8 18.Ne3 Bc8 19.Re1 Qa3 20.Rf2 Ne7 21.g4 c5 22.h4 cxd4
23.cxd4 Nc6 24.e5 Nxd4 25.exf6 gxf6 26.Kh1 c3 27.Bc1 Qd6 28.Rf4 Qc7 29.Ba3 Ne6
30.Rxf6 Rxf6 31.Qxf6 Qg7 32.Qf5 Qg6 33.Qe5 Qg7 34.Qe4 Qd4 35.Qf5 Qd2 36.Rd1 Qxd1+
37.Nxd1 Rxd1+ 38.Kh2 Rd2 39.Bc1 Re2 40.Qd3 Rxa2 41.Qxc3 Bb7 42.Bb2 Nc4 43.Qh8+ Kf7
44.Qf6+ Ke8 45.Qxe6+ Kf8 46.Qf6+ Ke8 47.Qh8+  1-0

[Event "3rd Mayor's Cup"]
[Site "Mumbai IND"]
[Date "2010.06.06"]
[Round "6"]
[White "Negi,P"]
[Black "Abhishek,D"]
[Result "1-0"]
[WhiteElo "2636"]
[BlackElo "2331"]

1.e4 c5 2.Nf3 Nc6 3.Nc3 e5 4.Bc4 Be7 5.d3 d6 6.O-O Nf6 7.Ng5 O-O 8.f4 Bg4
9.Qe1 exf4 10.Bxf4 Nd4 11.Qd2 h6 12.Nf3 Nxf3+ 13.gxf3 Be6 14.Kh1 Kh7 15.Rae1 Nh5
16.Be3 Bh3 17.Rg1 Bh4 18.Rd1 f5 19.Qe2 fxe4 20.fxe4 Qe8 21.Nd5 Qe5 22.c3 Rad8
23.Bb3 Be6 24.Bc2 Bxd5 25.d4 Qxe4+ 26.Rg2 g6 27.Bxe4 Bxe4 28.dxc5 Rde8 29.cxd6 Rf2
30.d7 Bxg2+ 31.Kg1 Nf4 32.Qg4 Rxe3 33.Qxh4 Bc6 34.Kxf2 Rf3+ 35.Ke1 Re3+ 36.Kd2  1-0

[Event "3rd Mayor's Cup"]
[Site "Mumbai IND"]
[Date "2010.06.06"]
[Round "7"]
[White "Narayanan,Sr"]
[Black "Negi,P"]
[Result "0-1"]
[WhiteElo "2393"]
[BlackElo "2636"]

1.e4 c5 2.Nf3 d6 3.d4 cxd4 4.Nxd4 Nf6 5.Nc3 a6 6.h3 e6 7.g4 Be7 8.Bg2 Nfd7
9.Be3 Nc6 10.O-O O-O 11.f4 Nxd4 12.Qxd4 e5 13.Qd2 exf4 14.Bxf4 Ne5 15.Nd5 Be6
16.Nxe7+ Qxe7 17.Rad1 Rfd8 18.a4 Qc7 19.b3 b5 20.axb5 axb5 21.Rf2 Rac8 22.Qb4 Qb6
23.Qd4 Qb8 24.Rfd2 Rd7 25.Kh2 f6 26.Qb4 Nc6 27.Qa3 Rcd8 28.Kh1 Ne5 29.g5 fxg5
30.Bxg5 Re8 31.Bf4 Qb7 32.Qb4 Ng6 33.e5 d5 34.Bg3 Bf7 35.Qd4 Ne7 36.Rf1 Be6
37.Kh2 Qc8 38.Qb4 Nf5 39.Bf4 Nh4 40.Qxb5 Nxg2 41.Rxg2 Bxh3 42.Rfg1 Bxg2 43.Rxg2 Kh8
44.Bg3 Rc7 45.Kh1 Rf8 46.Qe2 Qe6 47.Kh2 Rcf7 48.b4 Rf1 49.Qe3 R8f5 50.Bh4 R5f3
51.Qxf3  0-1

[Event "3rd Mayor's Cup"]
[Site "Mumbai IND"]
[Date "2010.06.07"]
[Round "8"]
[White "Negi,P"]
[Black "Varga,Zo"]
[Result "1/2-1/2"]
[WhiteElo "2636"]
[BlackElo "2479"]

1.e4 Nf6 2.e5 Nd5 3.d4 d6 4.Nf3 c6 5.Be2 Bg4 6.h3 Bxf3 7.Bxf3 dxe5 8.dxe5 e6
9.O-O Qc7 10.Re1 Nd7 11.Qe2 Ne7 12.Bf4 Ng6 13.Bg3 Rd8 14.Nd2 Be7 15.Rad1 O-O
16.Qe4 Nc5 17.Qe3 Na4 18.Nc4 b5 19.Rxd8 Rxd8 20.Nd6 Nxb2 21.Qc3 Na4 22.Qxc6 Qxc6
23.Bxc6 a6 24.c4 Nxe5 25.Bxe5 Bxd6 26.Rd1 Bc7 27.Rxd8+ Bxd8 28.cxb5 axb5
29.Bxb5 Nc5 30.Kf1 f6 31.Bc3 Kf7 32.Ke2 g5 33.a4 Bb6 34.a5 Ba7 35.f3 h5 36.g3 Ke7
37.h4 Kf7 38.Bd4 Ke7 39.Be3 gxh4 40.gxh4 e5 41.Bd3 Kd6 42.Bg6 Bb8 43.Bxh5 Bc7
44.Bxc5+ Kxc5 45.Bg6 Kb5 46.a6 Kxa6 47.h5 f5 48.Bxf5 Kb6 49.Ke3 Kc6 50.Ke4 Kd6
51.h6 Bd8 52.Bc8 Bg5 53.h7 Bf6 54.Bb7 Ke7 55.Kf5 Bh8 56.Bd5  1/2-1/2

[Event "3rd Mayor's Cup"]
[Site "Mumbai IND"]
[Date "2010.06.08"]
[Round "9"]
[White "Negi,P"]
[Black "Ovetchkin,R"]
[Result "1/2-1/2"]
[WhiteElo "2636"]
[BlackElo "2519"]

1.e4 c6 2.d4 d5 3.Nc3 dxe4 4.Nxe4 Nd7 5.Bd3 Ngf6 6.Ng5 e6 7.N1f3 Bd6 8.Qe2 h6
9.Ne4 Nxe4 10.Qxe4 Nf6 11.Qe2 Qc7 12.Bd2 b6 13.Ne5 Bb7 14.f4 c5 15.Bb5+ Ke7
16.dxc5 bxc5 17.O-O-O Rhd8 18.Bd3 Nd5 19.Rde1 Kf8 20.Rhf1 Nb4 21.Bc4 Bxe5
22.fxe5 Bd5 23.Rf4 Bxc4 24.Qxc4 Nd5 25.Rf3 Kg8 26.Rg3 Ne7 27.Bxh6 Ng6 28.Bg5 Rd5
29.Rge3 Nxe5 30.Qe4 Rb8 31.Bf4 f6 32.Rh3 Qa5 33.Ra3 Qb6 34.Rb3 Qd8 35.Rxb8 Qxb8
36.Bg3 Qc8 37.Qe3 Qa6 38.a3 Kf7 39.Qc3 Nc6 40.Bf2 Qb5 41.h3  1/2-1/2

[Event "3rd Mayor's Cup"]
[Site "Mumbai IND"]
[Date "2010.06.10"]
[Round "11"]
[White "Negi,P"]
[Black "Debashis,D"]
[Result "0-1"]
[WhiteElo "2636"]
[BlackElo "2400"]

1.e4 e6 2.d4 d5 3.Nc3 dxe4 4.Nxe4 Bd7 5.Nf3 Bc6 6.Bd3 Nd7 7.O-O Ngf6 8.Ned2 Be7
9.b3 O-O 10.Bb2 b6 11.c4 Bb7 12.Qe2 c5 13.Rad1 cxd4 14.Nxd4 Bc5 15.Bb1 Qe7
16.N2f3 Rfd8 17.h3 Rac8 18.Nb5 a6 19.Nc3 Ba3 20.Ba1 h6 21.Nd4 Bd6 22.Rfe1 Bb4
23.Nc2 Bd6 24.Nd4 Bb4 25.Nc2 Bd6 26.Na4 Bc7 27.Ne3 Qf8 28.Ng4 Nxg4 29.hxg4 Qe7
30.Be4 Bxe4 31.Qxe4 b5 32.cxb5 axb5 33.Nc3 Nf6 34.Qf3 Ba5 35.Rxd8+ Rxd8 36.Rd1 Bxc3
37.Rxd8+ Qxd8 38.Bxc3 Nd5 39.Bb2 Qa5 40.Qe2 Qxa2 41.Qe5 Qb1+ 42.Kh2 Qg6 43.f3 Kh7
44.Bd4 Qg5 45.Qxg5 hxg5 46.g3 Kg6 47.Kg2 f6 48.Kf2 Kf7 49.Ke2 e5 50.Bb2 Ne7
51.Kd3 Ke6 52.Ke4 Nc6 53.f4 gxf4 54.gxf4 exf4 55.Kxf4 Ne5 56.Bc3 g5+ 57.Kg3 Kd5
58.Bb4 Nd7 59.Be7 Ke6 60.Bb4 Nb8 61.Bc5 Nc6 62.Kf2 Na5 63.Ke3 Nc6 64.Kf2 Na5
65.Ke3 Nxb3 66.Bb6 Nc1 67.Bc5 Na2 68.Kd3 b4 69.Kc4 Nc3 70.Bxb4 Ne4 71.Be1 Ke5
72.Kd3 Kf4 73.Kd4 Ng3 74.Bb4 Kxg4 75.Ke3 f5 76.Kf2 f4 77.Ba5 Ne4+ 78.Ke2 f3+
79.Kf1 Kh3 80.Bc7 g4  0-1

[Event "YGM"]
[Site "Biel SUI"]
[Date "2010.07.21"]
[Round "3"]
[White "Negi,P"]
[Black "Caruana,F"]
[Result "0-1"]
[WhiteElo "2615"]
[BlackElo "2697"]

1.e4 c5 2.Nc3 Nc6 3.Nge2 Nf6 4.g3 g6 5.Bg2 Bg7 6.d3 d6 7.O-O Rb8 8.h3 b5
9.a3 O-O 10.Rb1 Bd7 11.Bg5 a5 12.a4 bxa4 13.Nxa4 Ne5 14.Nec3 Bc6 15.b3 Re8
16.Qd2 Qc7 17.Nd5 Nxd5 18.exd5 Bxa4 19.bxa4 Rb4 20.Ra1 Reb8 21.Rfe1 c4 22.Ra3 cxd3
23.cxd3 Rb2 24.Qe3 Rc2 25.Raa1 h6 26.Bxh6 Bxh6 27.Qxh6 Rbb2 28.Rab1 Qb6  0-1

[Event "YGM"]
[Site "Biel SUI"]
[Date "2010.07.22"]
[Round "4"]
[White "So,W"]
[Black "Negi,P"]
[Result "1/2-1/2"]
[WhiteElo "2674"]
[BlackElo "2615"]

1.d4 d5 2.c4 e6 3.Nc3 Be7 4.Nf3 Nf6 5.Bg5 h6 6.Bh4 O-O 7.e3 b6 8.Bd3 Bb7
9.O-O Nbd7 10.Qe2 Ne4 11.Bxe7 Qxe7 12.cxd5 exd5 13.Rac1 c5 14.dxc5 bxc5 15.Bxe4 dxe4
16.Nd2 Nb6 17.Qb5 Rac8 18.Na4 Qd8 19.Nxb6 Qxb6 20.Qxb6 axb6 21.Nc4 Ba6 22.Nxb6 Rb8
23.Nc4 Bxc4 24.Rxc4 Rxb2 25.a4 Rb4 26.Rxb4 cxb4 27.Rb1 Rb8 28.g4 g5  1/2-1/2

[Event "YGM"]
[Site "Biel SUI"]
[Date "2010.07.27"]
[Round "8"]
[White "Howell,D"]
[Black "Negi,P"]
[Result "1-0"]
[WhiteElo "2616"]
[BlackElo "2615"]

1.e4 c5 2.c3 d5 3.exd5 Qxd5 4.d4 Nf6 5.Nf3 Bg4 6.dxc5 Qxd1+ 7.Kxd1 e5 8.b4 e4
9.h3 Bh5 10.g4 Nxg4 11.hxg4 Bxg4 12.Nd2 exf3 13.Nc4 Nc6 14.Bf4 a5 15.Ne5 Bf5
16.Nxc6 bxc6 17.Bh3 O-O-O+ 18.Bd2 Bd7 19.Kc2 Be7 20.Rab1 a4 21.Rbe1 Bf6 22.Bf4 Rhe8
23.Be3 h6 24.Bxd7+ Rxd7 25.Rh3 Red8 26.Rxf3 Rd3 27.Rxf6 gxf6 28.Bxh6 Rf3
29.Be3 f5 30.Bd4 Kd7 31.Kb2 Rf4 32.Ka3 Re4 33.Rh1 Re2 34.Rh6 Rde8 35.Rd6+ Kc7
36.Rf6 R8e7 37.Rxf5 Rc2 38.Rf6 Kb7 39.f4 Re1 40.Kxa4 Rxa2+ 41.Kb3 Rae2 42.Be5 Rb1+
43.Kc4 Re4+ 44.Kd3 Ree1 45.Rxf7+ Ka6 46.Rc7 Kb5 47.Rb7+ Ka4 48.Kc4 Ka3 49.Rb6 Re4+
50.Bd4 Rxf4 51.Rxc6 Kb2 52.Rf6  1-0

[Event "49th WJun"]
[Site "Chotowa POL"]
[Date "2010.08.05"]
[Round "3"]
[White "Dvirnyy,D"]
[Black "Negi,P"]
[Result "0-1"]
[WhiteElo "2457"]
[BlackElo "2615"]

1.e4 c5 2.Nf3 d6 3.d4 cxd4 4.Nxd4 Nf6 5.Nc3 g6 6.Be3 Bg7 7.f3 O-O 8.Qd2 Nc6
9.Bc4 Bd7 10.h4 Rc8 11.Bb3 h5 12.O-O-O Ne5 13.Kb1 Nc4 14.Bxc4 Rxc4 15.Nde2 Qc7
16.b3 Rc6 17.Nb5 Qd8 18.c4 a6 19.Na7 Rc5 20.Bxc5 dxc5 21.e5 Bf5+ 22.Kc1 Nd7
23.Ng3 Be6 24.f4 Qb8 25.Rhe1 Bg4  0-1

[Event "49th WJun"]
[Site "Chotowa POL"]
[Date "2010.08.06"]
[Round "4"]
[White "Recuero Guerra,D"]
[Black "Negi,P"]
[Result "1/2-1/2"]
[WhiteElo "2470"]
[BlackElo "2615"]

1.e4 e5 2.Nf3 Nc6 3.Bb5 a6 4.Bxc6 dxc6 5.O-O Qf6 6.d4 exd4 7.Bg5 Qd6 8.Nxd4 Bd7
9.Nc3 Ne7 10.Be3 c5 11.Nde2 Qxd1 12.Rfxd1 Ng6 13.Nf4 Bd6 14.Ncd5 O-O-O  1/2-1/2

[Event "49th WJun"]
[Site "Chotowa POL"]
[Date "2010.08.07"]
[Round "5"]
[White "Negi,P"]
[Black "Huschenbeth,N"]
[Result "1-0"]
[WhiteElo "2615"]
[BlackElo "2459"]

1.e4 c5 2.Nf3 d6 3.d4 cxd4 4.Nxd4 Nf6 5.Nc3 a6 6.Bg5 e6 7.f4 Qb6 8.Qd2 Qxb2
9.Rb1 Qa3 10.e5 h6 11.Bh4 dxe5 12.fxe5 Nfd7 13.Ne4 Qxa2 14.Rd1 Qd5 15.Qe3 Qxe5
16.Be2 Bc5 17.Bg3 Bxd4 18.Rxd4 Qa5+ 19.Rd2 O-O 20.Bd6 Rd8 21.g4 Nc6 22.g5 hxg5
23.Rg1 Nf6 24.Rxg5 Qa1+ 25.Rd1 Qxd1+ 26.Bxd1 Nxe4 27.Qxe4 Rxd6 28.h4 f6 29.Rg3 Ne7
30.h5 Nf5 31.Rd3 a5 32.Rxd6 Nxd6 33.Qd3 Ra6 34.h6 Bd7 35.Qg6 Nf5 36.h7+ Kh8
37.Qf7 Kxh7 38.Qxd7 Rb6 39.Bf3 Rd6 40.Qxb7  1-0

[Event "49th WJun"]
[Site "Chotowa POL"]
[Date "2010.08.09"]
[Round "6"]
[White "Swiercz,D"]
[Black "Negi,P"]
[Result "1/2-1/2"]
[WhiteElo "2492"]
[BlackElo "2615"]

1.d4 Nf6 2.c4 g6 3.Nc3 d5 4.Bg5 Ne4 5.Bh4 Nxc3 6.bxc3 dxc4 7.e3 Be6 8.Nf3 Bg7
9.Be2 Nd7 10.O-O Nb6 11.a4 a5 12.Nd2 O-O 13.Bf3 Ra7 14.Qc1 Re8 15.Qa3 Bd5
16.Bxd5 Qxd5 17.Bxe7 Nxa4 18.Qxa4 Rxe7 19.Rfb1 b6 20.Nxc4 h5 21.Nd2 Ra8 22.Ra2 Rd8
23.Qc4 Qd7 24.Qb5 Qe6 25.c4 Ree8 26.Nf3 Qe4 27.Ng5 Qe7 28.Nf3 Qe4  1/2-1/2

[Event "49th WJun"]
[Site "Chotowa POL"]
[Date "2010.08.10"]
[Round "7"]
[White "Negi,P"]
[Black "Stupak,K"]
[Result "1/2-1/2"]
[WhiteElo "2615"]
[BlackElo "2504"]

1.e4 e6 2.d4 d5 3.Nc3 dxe4 4.Nxe4 Nd7 5.Nf3 Ngf6 6.Bg5 h6 7.Nxf6+ Nxf6 8.Bh4 Be7
9.Bd3 O-O 10.Qe2 Nd5 11.Bxe7 Qxe7 12.O-O-O c5 13.g4 Bd7 14.Qe4 Nf6 15.Qf4 Bc6
16.Rhg1 g5  1/2-1/2

[Event "49th WJun"]
[Site "Chotowa POL"]
[Date "2010.08.11"]
[Round "8"]
[White "Negi,P"]
[Black "Yilmaz,M"]
[Result "1-0"]
[WhiteElo "2615"]
[BlackElo "2479"]

1.e4 c5 2.Nf3 d6 3.d4 cxd4 4.Nxd4 Nf6 5.Nc3 a6 6.Bg5 Nbd7 7.f4 Qc7 8.Qf3 h6
9.Bxf6 Nxf6 10.f5 e5 11.fxe6 fxe6 12.O-O-O Bd7 13.g3 O-O-O 14.Bh3 Re8 15.Rhe1 Nh7
16.Qe2 Ng5 17.Bg4 g6 18.h4 h5 19.hxg5 hxg4 20.e5 dxe5 21.Nb3 Bb4 22.Rd3 Bc6
23.Qxg4 e4 24.Rde3 Kb8 25.a3 Bxc3 26.Rxc3 Qe5 27.Kb1 Qf5 28.Qd1 Qd5 29.Qc1 Ref8
30.Nc5 e3 31.Qxe3 Rh1 32.Nb3 Rf3 33.Qc1 Rxe1 34.Qxe1 Rf5 35.Rd3 Qh1 36.Qxh1 Bxh1
37.Nd4 Rf1+ 38.Ka2 e5 39.Ne6 Be4 40.Rd8+ Ka7 41.c3 Rg1 42.Nc5 Bc6 43.Rd3 Re1
44.c4 e4 45.Rd6 e3 46.Rxg6 e2 47.Re6 Bf3 48.g6 Rg1 49.Nd3 Rxg3 50.Re3 Rxg6
51.Rxf3 Rd6 52.Ne1 Rd1 53.Nc2 Rc1 54.Re3 Rxc2 55.Kb3 Rc1 56.Rxe2 a5 57.Rc2 Rh1
58.Rd2 Rc1 59.Rc2 Rh1 60.c5 Ka6 61.Ka4 Rh4+ 62.b4 axb4 63.axb4 Rh3 64.b5+ Ka7
65.Re2 Rh4+ 66.Kb3 Rg4 67.Kc3 Rh4 68.Rd2 Kb8 69.Rd4 Rh5 70.Kc4 Kc7 71.Rf4 Kd7
72.Rg4 Rh1 73.Kd5 Rh5+ 74.Kd4 Rh1 75.Rf4 Rb1 76.Kc4 Kc7 77.Rh4 Kd7 78.Rh7+ Kc8
79.Rh8+ Kd7 80.Rh4 Kc8 81.Rh3 Kd7 82.Rb3 Rh1 83.Kb4 Kc7 84.Re3 Rc1 85.Re7+ Kc8
86.Ka5 Rxc5 87.Kb6 Rc1 88.Re8+ Kd7 89.Rb8 Rb1 90.Rxb7+ Kc8 91.Rc7+ Kb8 92.Rg7 Kc8
93.Rg8+ Kd7 94.Rb8 Ra1 95.Kb7 Rb1 96.b6 Ra1 97.Rc8 Ra2 98.Rc3 Rb2 99.Rd3+ Ke7
100.Kc7 Rc2+ 101.Kb8 Rb2 102.b7 Ra2 103.Rd4 Ra1 104.Kc7 Rc1+ 105.Kb6 Rb1+
106.Kc6 Rb2 107.Rd5  1-0

[Event "49th WJun"]
[Site "Chotowa POL"]
[Date "2010.08.13"]
[Round "10"]
[White "Negi,P"]
[Black "Salem,AR"]
[Result "0-1"]
[WhiteElo "2615"]
[BlackElo "2469"]

1.e4 c5 2.Nf3 d6 3.d4 cxd4 4.Nxd4 Nf6 5.Nc3 Nc6 6.h3 g6 7.Be3 Bg7 8.Bc4 O-O
9.Bb3 Bd7 10.O-O Rc8 11.Re1 Na5 12.Qd3 a6 13.Nd5 Nxd5 14.exd5 Re8 15.c3 Qc7
16.Re2 Bf6 17.f4 b5 18.Bf2 Qb7 19.Rc1 Rc5 20.Rd1 Nc4 21.Ne6 fxe6 22.dxe6 Bc6
23.Bxc5 dxc5 24.Bxc4 bxc4 25.Qxc4 Bb5 26.Qe4 Bc6 27.Qe3 c4 28.Qc5 Qb5 29.Qxb5 axb5
30.Red2 Kg7 31.a3 Rb8 32.g4 Bh4 33.Rd8 Rb6 34.Rc8 Bf3 35.Rf1 Be2 36.Ra1 Rxe6
37.Rc5 Rd6 38.Rxb5 Rd2 39.Re5 Bf3 40.Rf1 Rg2+ 41.Kh1 Bb7 42.b4 cxb3 43.Rb5 Rf2+
44.Rxb7 Rxf1+ 45.Kg2 Rf2+  0-1

[Event "49th WJun"]
[Site "Chotowa POL"]
[Date "2010.08.14"]
[Round "11"]
[White "Simonian,H"]
[Black "Negi,P"]
[Result "0-1"]
[WhiteElo "2494"]
[BlackElo "2615"]

1.e4 c5 2.Nc3 d6 3.Nge2 Nf6 4.g3 g6 5.Bg2 Bg7 6.O-O Nc6 7.d3 O-O 8.f4 Rb8
9.h3 Nd7 10.g4 b5 11.Ng3 c4 12.Kh2 cxd3 13.cxd3 Nd4 14.Nce2 b4 15.Be3 Nxe2
16.Qxe2 Nc5 17.Rfc1 Ba6 18.Bxc5 dxc5 19.Rxc5 Qd6 20.Rd5 Qxf4 21.e5 e6 22.Rf1 Qxf1
23.Nxf1 exd5 24.Bxd5 Rbe8 25.Qf3 Bxe5+ 26.Kg2 Bxb2 27.Nd2 Rd8 28.h4 Rd7 29.Nc4 Rfd8
30.Nxb2 Rxd5 31.Qf6 Bxd3 32.Nxd3 Rxd3 33.h5 R3d6 34.Qe7 gxh5 35.gxh5 h6 36.Qxa7 Rd5
37.Qb6 R8d6 38.Qb8+ Kg7 39.Qxb4 Rf6 40.Qc3 Rg5+ 41.Kh3 Rxh5+ 42.Kg4 Rg5+
43.Kh4 Rg6 44.Kh3 Kh7 45.Qd3 Rf4 46.a3 Kg8 47.Qd8+ Kg7 48.Qd2 Rf3+ 49.Kh4 h5
50.Qe2 Rf4+ 51.Kh3 Kh7 52.Qe3 Rfg4 53.Qf3 Kg8 54.Qa8+ Kg7 55.Qf3 Rc4 56.Qb3 Rf4
57.Qb2+ Kh7 58.Qc1 Rf3+ 59.Kh2 Rf2+ 60.Kh3 h4 61.Qc7 Rg3+ 62.Kxh4 Rg6 63.Qe5 Rf1
64.Qd5 Rh1+  0-1

[Event "49th WJun"]
[Site "Chotowa POL"]
[Date "2010.08.15"]
[Round "12"]
[White "Negi,P"]
[Black "Cori,J"]
[Result "1-0"]
[WhiteElo "2615"]
[BlackElo "2486"]

1.e4 e5 2.Nf3 Nc6 3.Bc4 Nf6 4.Ng5 d5 5.exd5 Na5 6.Bb5+ c6 7.dxc6 bxc6 8.Bd3 Nd5
9.Nf3 Bd6 10.O-O O-O 11.Re1 Bg4 12.h3 Bxf3 13.Qxf3 f5 14.Bxf5 Bc5 15.Rf1 Qe7
16.Nc3 Nb4 17.Qg4 g6 18.Be4 Rxf2 19.Rxf2 Rf8 20.Nd1 Bxf2+ 21.Nxf2 Qc5 22.d4 Qxd4
23.Qe2  1-0

[Event "TCh-ESP CECLUB Honor"]
[Site "Sestao ESP"]
[Date "2010.08.24"]
[Round "2"]
[White "Illescas Cordoba,M"]
[Black "Negi,P"]
[Result "0-1"]
[WhiteElo "2591"]
[BlackElo "2615"]

1.Nf3 Nf6 2.c4 g6 3.Nc3 d5 4.cxd5 Nxd5 5.Qb3 Nb6 6.d4 Bg7 7.e4 Bg4 8.Bb5+ c6
9.Ng5 O-O 10.Be2 Bc8 11.h4 c5 12.dxc5 N6d7 13.Be3 Qa5 14.Qc4 b5 15.Qb3 Na6
16.O-O h6 17.Nf3 b4 18.Qa4 Qxa4 19.Nxa4 Bb7 20.Rac1 Rac8 21.Rfd1 Nab8 22.Nd2 Rc7
23.Bf4 Rcc8 24.Bb5 Rfd8 25.b3 Nc6 26.Nf3 Nf6 27.Rxd8+ Rxd8 28.Ne5 Nxe5 29.Bxe5 Nxe4
30.Bxg7 Kxg7 31.c6 Bc8 32.Re1 Rd4 33.Be2 Rd6 34.Bc4 Nd2 35.Rxe7 Nxc4 36.bxc4 Rxc6
37.Rxa7 Rxc4 38.Nb6 Rc1+ 39.Kh2 Be6 40.f3 Rc2 41.Ra4 Rb2 42.Kg3 Bxa2 43.Ra5 Be6
44.Rb5 b3 45.Na4 Bd7 46.Nxb2 Bxb5 47.Kf4 Kf6 48.g3 Ke6 49.Ke4 Bc6+ 50.Ke3 Kd6
51.f4 Kc5 52.g4 Kb4 53.Kd4 Bb5  0-1

[Event "Unive Open"]
[Site "Hoogeveen NED"]
[Date "2010.10.22"]
[Round "1"]
[White "Bonafede,A"]
[Black "Negi,P"]
[Result "1/2-1/2"]
[WhiteElo "2280"]
[BlackElo "2596"]

1.e4 c5 2.b4 cxb4 3.a3 d5 4.exd5 Qxd5 5.Nf3 Bg4 6.axb4 Nc6 7.Nc3 Qe6+ 8.Be2 Bxf3
9.gxf3 Nf6 10.d4 Nxb4 11.Nb5 Qd7 12.c3 Nbd5 13.c4 Nc7 14.Rxa7 Rxa7 15.Nxa7 e6
16.Qb3 Qd6 17.Qxb7 Qb4+ 18.Qxb4 Bxb4+ 19.Bd2 Be7 20.Nc6 Kd7 21.Ne5+ Ke8 22.Bd1 Bd6
23.Ba4+ Kf8 24.Ke2 Nh5 25.Rb1 Ke7 26.Bc6 Rc8 27.h4 f6 28.Nd3 Kf8 29.c5 Be7
30.Nf4 Nxf4+ 31.Bxf4 e5 32.Bb7 Re8 33.Bg3 Ne6 34.dxe5 Nxc5 35.Bc6 Rc8 36.exf6 Bxf6
37.Bd5 Rd8 38.Rb8 Rxb8 39.Bxb8 Bxh4 40.Bd6+ Be7 41.Bxc5 Bxc5 42.f4 Ke7 43.Be4 h5
44.Bg6 h4 45.Kf3 Kf6 46.Be4 Bb6 47.Bd3 Bc5 48.Bc4  1/2-1/2

[Event "Unive Open"]
[Site "Hoogeveen NED"]
[Date "2010.10.24"]
[Round "3"]
[White "Slingerland,C"]
[Black "Negi,P"]
[Result "0-1"]
[WhiteElo "2081"]
[BlackElo "2596"]

1.e4 c5 2.Nf3 d6 3.d4 cxd4 4.Nxd4 Nf6 5.Nc3 a6 6.f4 e6 7.Nf3 b5 8.a3 Bb7
9.Bd3 g6 10.O-O Bg7 11.Kh1 Nbd7 12.Qe1 O-O 13.Qh4 Nh5 14.Qh3 f5 15.Ng5 Qf6
16.Be3 Rae8 17.Rae1 h6 18.Nf3 Qf7 19.Nd2 Nc5 20.e5 Nxd3 21.cxd3 dxe5 22.fxe5 g5
23.d4 Qg6 24.Kg1 f4 25.Bf2 g4 26.Qh4 Rf5 27.Nde4 Bf8 28.Nf6+ Nxf6 29.exf6 Rh5
30.f7+ Kxf7 31.Bg3 Rxh4 32.Rxf4+ Kg8 33.Bxh4 Bg7  0-1

[Event "Unive Open"]
[Site "Hoogeveen NED"]
[Date "2010.10.27"]
[Round "6"]
[White "Negi,P"]
[Black "Dvirnyy,D"]
[Result "0-1"]
[WhiteElo "2596"]
[BlackElo "2481"]

1.e4 e6 2.d4 d5 3.Nc3 Bb4 4.e5 c5 5.a3 Bxc3+ 6.bxc3 Ne7 7.Qg4 Qa5 8.Bd2 Ng6
9.h4 Nc6 10.Qg5 h5 11.Bd3 Nce7 12.dxc5 Bd7 13.Nf3 Qxc5 14.c4 dxc4 15.Bb4 Qd5
16.Bxg6 Nxg6 17.O-O Qe4 18.Rad1 Qf4 19.Qg3 Bc6 20.Ng5 Qg4 21.Qxg4 hxg4 22.Rd4 Rxh4
23.Re1 Rh5 24.Rxg4 Bd5 25.f3 Rc8 26.a4 a5 27.Bc3 Ne7 28.Ne4 Bxe4 29.Rexe4 Nd5
30.Rxc4 Rxc4 31.Rxc4 b6 32.Bb2 Kd7 33.Rg4 g6 34.Bd4 Kc6 35.c4 Nb4 36.Rf4 Rf5
37.Rh4 Nd3 38.Rh8 Nxe5 39.Kf2 Nd7 40.g4 Rf4 41.Be3 Rxc4 42.Rc8+ Kd5 43.Rd8 Kd6
44.Bxb6 Rxa4 45.Be3 e5 46.g5 Ra2+ 47.Ke1 a4 48.Ra8 Ra1+ 49.Kf2 a3 50.Bd2 Kc5
51.Ra7 Kc6 52.Bc3 Ra2+ 53.Kg3 Kd6 54.Bb4+ Kc6 55.Bxa3 Nb6 56.Ra5 Kb7 57.Rxe5 Rxa3
58.Re7+ Kc6 59.Rxf7 Nd7 60.Rg7 Ne5 61.Kg2 Kd5 62.f4 Nf3 63.Kg3 Nd4+ 64.Kf2 Ra6
65.Rg8 Ke4 66.Kg3 Ne2+ 67.Kg4 Nxf4 68.Re8+ Re6 69.Ra8 Nd3 70.Ra4+ Ke3 71.Kg3 Re4
72.Ra3 Rd4 73.Rb3 Ke4 74.Rb5 Ne5 75.Kh3 Kf5 76.Ra5 Re4  0-1

[Event "Unive Open"]
[Site "Hoogeveen NED"]
[Date "2010.10.28"]
[Round "7"]
[White "Vedder,H"]
[Black "Negi,P"]
[Result "0-1"]
[WhiteElo "2372"]
[BlackElo "2596"]

1.e4 c5 2.Nf3 e6 3.Nc3 a6 4.d4 cxd4 5.Nxd4 d6 6.g4 b5 7.a3 Bb7 8.Bg2 Ne7
9.Be3 Nbc6 10.Qe2 Nxd4 11.Bxd4 Ng6 12.Be3 Nh4 13.Bh3 Rc8 14.f3 d5 15.O-O h5
16.Rad1 hxg4 17.Bxg4 Bd6 18.Bd4 Rc4 19.Kh1 Ng6 20.Rf2 Nf4 21.Qe3 Qg5 22.exd5 f5
23.Rg1 Rxd4 24.Qxd4 Nxd5 25.Bxf5 Qxf5 26.Qxg7 Qxf3+ 27.Rgg2 Rxh2+ 28.Kg1 Rxg2+
29.Rxg2 Bc5+ 30.Kh2 Qh5+ 31.Kg3 Ne7  0-1

[Event "Unive Open"]
[Site "Hoogeveen NED"]
[Date "2010.10.29"]
[Round "8"]
[White "Negi,P"]
[Black "Matsenko,S"]
[Result "1-0"]
[WhiteElo "2596"]
[BlackElo "2461"]

1.e4 c5 2.Nf3 Nc6 3.d4 cxd4 4.Nxd4 Qc7 5.Nc3 e6 6.Be3 a6 7.Qd2 Nf6 8.O-O-O Bb4
9.f3 Ne5 10.Nb3 b5 11.Kb1 Nc4 12.Bxc4 bxc4 13.a3 Be7 14.Nd4 Rb8 15.Ka1 h5
16.Rhe1 d6 17.h3 h4 18.Bg5 Bb7 19.f4 O-O 20.Nf3 Rfd8 21.Qf2 d5 22.e5 Ne4
23.Qxh4 Nxg5 24.Nxg5 Bxg5 25.fxg5 d4 26.Rxd4 Rxd4 27.Qxd4 Bxg2 28.h4 Rd8
29.Qf4 Qc6 30.Rg1 Bh3 31.g6 fxg6 32.h5 Rf8 33.Qh2 Qc5 34.Ne4 Qxg1+ 35.Qxg1 Rf1+
36.Qxf1 Bxf1 37.hxg6 Bh3 38.Nd6 Bf5 39.Kb1 Bxg6 40.Nxc4 Be4 41.Kc1 Kf8 42.Kd2 Ke7
43.Nd6 Bg2 44.Ke3 Kd7 45.c4 Kc6 46.b4 a5 47.Kd4 axb4 48.axb4 g5 49.b5+ Kb6
50.c5+ Kc7 51.c6 Kb6 52.Nc4+ Kxb5 53.c7 Bb7 54.Nd6+ Kc6 55.c8=Q+ Bxc8 56.Nxc8 g4
57.Nd6 g3 58.Ke3 Kd5 59.Nf7 g2 60.Kf2 g1=Q+ 61.Kxg1 Ke4 62.Kg2  1-0

[Event "Schachbundesliga 2010-11"]
[Site "Solingen GER"]
[Date "2010.11.14"]
[Round "4"]
[White "Smeets,J"]
[Black "Negi,P"]
[Result "1/2-1/2"]
[WhiteElo "2669"]
[BlackElo "2596"]

1.e4 c5 2.Nf3 d6 3.d4 cxd4 4.Nxd4 Nf6 5.Nc3 g6 6.Be3 Bg7 7.f3 O-O 8.Qd2 Nc6
9.O-O-O d5 10.exd5 Nxd5 11.Nxc6 bxc6 12.Bd4 Bxd4 13.Qxd4 Qb6 14.Na4 Qa5 15.b3 Qc7
16.Bc4 Rd8 17.Rhe1 Bf5 18.Qe5 Qxe5 19.Rxe5 Bxc2 20.Rd2 Bf5 21.Nc5 h5 22.Bxd5 cxd5
23.Rxe7 d4 24.Kb2 a5 25.Ne4 a4 26.Rc7 Rab8 27.Rd3 axb3 28.axb3 Rb5 29.Rc4 Be6
30.Rcxd4 Rxd4 31.Rxd4 Rxb3+ 32.Kc2 Rb8 33.Kd1 Kg7  1/2-1/2

[Event "TCh-BEL 2010-11"]
[Site "Eupen BEL"]
[Date "2010.11.21"]
[Round "4.1"]
[White "Negi,P"]
[Black "Feller,S"]
[Result "1-0"]
[WhiteElo "2596"]
[BlackElo "2649"]

1.e4 e5 2.Nf3 Nc6 3.Bb5 Nf6 4.O-O Nxe4 5.d4 Nd6 6.Bxc6 dxc6 7.dxe5 Nf5 8.Qxd8+ Kxd8
9.Nc3 Ke8 10.h3 Be6 11.g4 Ne7 12.Ng5 Bc8 13.Bd2 h6 14.Nge4 h5 15.f3 Ng6 16.Rae1 hxg4
17.hxg4 Be6 18.Bg5 Be7 19.Kg2 Rd8 20.Kg3 Bxg5 21.Nxg5 Rd2 22.Nxe6 fxe6 23.Re2 Rxe2
24.Nxe2 Ke7 25.f4 Rd8 26.Kf3 Rh8 27.Rf2 Rh3+ 28.Ke4 Rh4 29.Rg2 c5 30.f5 exf5+
31.Kxf5 Rh6 32.Rf2 Nh4+ 33.Kg5 Ke6 34.Nf4+ Kxe5 35.Nh5 Rh8 36.Re2+ Kd6 37.Kxh4 g6
38.Kg5 gxh5 39.gxh5 Rg8+ 40.Kf6 Rg3 41.Rd2+ Kc6 42.h6 Rh3 43.Kg7 Rg3+ 44.Kh8 c4
45.h7 c3 46.bxc3 Rxc3 47.Rg2  1-0

[Event "48th ch-IND"]
[Site "New Delhi IND"]
[Date "2010.12.09"]
[Round "1"]
[White "Sangma,R"]
[Black "Negi,P"]
[Result "0-1"]
[WhiteElo "2400"]
[BlackElo "2603"]

1.e4 c5 2.Nf3 d6 3.d4 cxd4 4.Nxd4 Nf6 5.Nc3 a6 6.Be2 e6 7.Be3 Be7 8.O-O O-O
9.f4 Nc6 10.Qe1 Nxd4 11.Bxd4 b5 12.a3 Bb7 13.Qg3 Qc7 14.Kh1 Rad8 15.Rae1 Rd7
16.Bf3 Qd8 17.Re2 Ne8 18.Rd1 Bh4 19.Qh3 Bf6 20.Bxf6 Nxf6 21.Red2 Qc7 22.e5 dxe5
23.Bxb7 Qxb7 24.fxe5 Rxd2 25.Rxd2 Nd7 26.Qe3 Rc8 27.Ne4 Nxe5 28.Nd6 Nc4 29.Nxc8 Nxd2
30.Nd6 Nc4 31.Qxe6 fxe6 32.Nxb7 Nxb2 33.Nc5 Nc4 34.Nxa6 Nxa3 35.Nb4 Kf7 36.Kg1 Ke7
37.Kf2 Kd6 38.Ke3 Kc5 39.Nd3+ Kc4 40.Kd2 Kd4 41.c3+ Kc4 42.Ne5+ Kd5 43.Nd3 e5
44.Kc1 e4 45.Nf4+ Kc4 46.Kb2 e3 47.h4 h5 48.g3 g6 49.Nxg6 e2 50.Ne5+ Kd5
51.Nd3 Ke4 52.Ne1 Nc4+ 53.Kc2 Ke3 54.g4 hxg4 55.h5 Kf2 56.Nd3+ Kf1 57.h6 Ne5
58.h7 Nxd3 59.h8=Q Nf2  0-1

[Event "48th ch-IND"]
[Site "New Delhi IND"]
[Date "2010.12.10"]
[Round "2"]
[White "Negi,P"]
[Black "Deepan,C"]
[Result "1-0"]
[WhiteElo "2603"]
[BlackElo "2480"]

1.e4 e5 2.Nf3 Nc6 3.Bb5 Nf6 4.O-O Nxe4 5.d4 Nd6 6.Bxc6 dxc6 7.dxe5 Nf5 8.Qxd8+ Kxd8
9.Nc3 Ke8 10.h3 b6 11.Rd1 Bb7 12.Bf4 Rc8 13.Ne4 Be7 14.Re1 h5 15.Nd6+ cxd6
16.exd6 Rd8 17.dxe7 Nxe7 18.Re2 Kf8 19.Rae1 Nf5 20.Re5 Bc8 21.g4 hxg4 22.hxg4 Nh6
23.Re8+ Rxe8 24.Bd6+ Re7 25.Rxe7 Bxg4 26.Rxa7+  1-0

[Event "48th ch-IND"]
[Site "New Delhi IND"]
[Date "2010.12.12"]
[Round "4"]
[White "Negi,P"]
[Black "Venkatesh,M"]
[Result "1/2-1/2"]
[WhiteElo "2603"]
[BlackElo "2434"]

1.e4 c5 2.Nf3 Nc6 3.Nc3 Nf6 4.Bb5 Qc7 5.Qe2 e5 6.Nd5 Nxd5 7.exd5 Nd4 8.Nxd4 cxd4
9.f4 Bd6 10.O-O O-O 11.f5 e4 12.Qxe4 Bxh2+ 13.Kh1 Be5 14.f6 Qd6 15.Bd3 g6
16.b3 Bxf6 17.Ba3 Qxa3 18.Rxf6 b6 19.Raf1 Ba6 20.Bxa6 Qxa6 21.Qf4 Qb5 22.Qxd4 Qe2
23.Qf4 Qh5+ 24.Kg1 Qxd5 25.c4 Qc5+ 26.d4 Qe7 27.Rf3 Rae8 28.Kh2 Qe4 29.Qh6 Qxd4
30.Rh3 Qe5+ 31.Kh1 Qa1+ 32.Kh2 Qe5+  1/2-1/2